书目信息 |
| 题名: |
演进式架构
|
|
| 作者: | 福特 , 帕森斯 , 柯 著 ;周训杰 译 | |
| 分册: | ||
| 出版信息: | 北京 人民邮电出版社 2019.08 |
|
| 页数: | xiii, 140页 | |
| 开本: | 24cm | |
| 丛书名: | 图灵程序设计丛书 | |
| 单 册: | ||
| 中图分类: | TP311.1 | |
| 科图分类: | ||
| 主题词: | 程序设计--cheng xu she ji | |
| 电子资源: | ||
| ISBN: | 978-7-115-51617-6 | |
| 000 | 01231nam 2200313 450 | |
| 001 | 202020138976 | |
| 005 | 20200926181339.0 | |
| 010 | @a978-7-115-51617-6@dCNY59.00 | |
| 100 | @a20200916d2019 em y0chiy50 ea | |
| 101 | 1 | @achi@ceng |
| 102 | @aCN@b110000 | |
| 105 | @aa z 000yy | |
| 106 | @ar | |
| 200 | 1 | @a演进式架构@Ayan jin shi jia gou@d= Building evolutionary architectures@f(美) 尼尔·福特, 丽贝卡·帕森斯, (澳) 帕特里克·柯著@g周训杰译@zeng |
| 210 | @a北京@c人民邮电出版社@d2019.08 | |
| 215 | @axiii, 140页@c图@d24cm | |
| 225 | 2 | @a图灵程序设计丛书@Atu ling cheng xu she ji cong shu |
| 306 | @aO'Reilly Media, Inc.授权出版 | |
| 330 | @a本书详尽介绍了演进式架构的必要性以及如何在具体的软件开发流程中实现演进式架构。内容包括: 软件架构、适应度函数、实施增量变更、架构耦合、演进式数据等。 | |
| 410 | 0 | @12001 @a图灵程序设计丛书 |
| 500 | 10 | @aBuilding evolutionary architectures@mChinese |
| 606 | 0 | @a程序设计@Acheng xu she ji |
| 690 | @aTP311.1@v5 | |
| 701 | 1 | @a福特@Afu te@g(Ford, Neal)@4著 |
| 701 | 1 | @a帕森斯@Apa sen si@g(Parsons, Rebecca)@4著 |
| 701 | 1 | @a柯@Ake@g(Kua, Patrick)@4著 |
| 702 | 0 | @a周训杰@Azhou xun jie@4译 |
| 801 | 0 | @aCN@c20190904 |
| 905 | @a河南城建学院图书馆@dTP311.1@eF760 | |
| 演进式架构= Building evolutionary architectures/(美) 尼尔·福特, 丽贝卡·帕森斯, (澳) 帕特里克·柯著/周训杰译.-北京:人民邮电出版社,2019.08 |
| xiii, 140页:图;24cm.-(图灵程序设计丛书) |
| ISBN 978-7-115-51617-6:CNY59.00 |
| 本书详尽介绍了演进式架构的必要性以及如何在具体的软件开发流程中实现演进式架构。内容包括: 软件架构、适应度函数、实施增量变更、架构耦合、演进式数据等。 |
| ● |
| 相关链接 |
|
|
|
正题名:演进式架构
索取号:TP311.1/F760
 
预约/预借
| 序号 | 登录号 | 条形码 | 馆藏地/架位号 | 状态 | 备注 |
| 1 | 1488367 | 214883679 | 自科二线404/404自科库 18排6列4层/ [索取号:TP311.1/F760] | 在馆 | |
| 2 | 1488368 | 214883688 | 自科二线404/404自科库 18排6列4层/ [索取号:TP311.1/F760] | 在馆 |